[Event "205th YMCA Autumn A"]
[Site "Warsaw"]
[Date "2018.10.31"]
[Round "6"]
[White "Moskwinski, Marek"]
[Black "Choroszej, Aleksander"]
[Result "1-0"]
[WhiteElo "1866"]
[BlackElo "2054"]
[PlyCount "167"]
[EventDate "2018.09.21"]
[EventType "tourn"]
[EventRounds "1"]
[EventCountry "POL"]
[SourceDate "2018.09.20"]

1. e4 g6 2. d4 Bg7 3. Nc3 d6 4. f4 Nf6 5. Nf3 O-O 6. e5 Nfd7 7. h4 c5 8. h5
cxd4 9. hxg6 dxc3 10. gxf7+ Rxf7 11. Bc4 e6 12. Ng5 Nxe5 13. Qh5 h6 14. fxe5
hxg5 15. Qh7+ Kf8 16. Qh8+ Bxh8 17. Rxh8+ Kg7 18. Rxd8 Nc6 19. Rxd6 Nxe5 20.
Be2 Rc7 21. bxc3 Nf7 22. Rd3 e5 23. Rg3 Bf5 24. Bxg5 Nxg5 25. Rxg5+ Kf6 26. Rg3
Rac8 27. c4 Rd8 28. Rd1 Rxd1+ 29. Kxd1 Be6 30. Rf3+ Ke7 31. Ra3 a6 32. Re3 Kd6
33. Re4 Rc5 34. Kc1 Rc8 35. Rh4 Rg8 36. Bf3 Rg7 37. Rh6 e4 38. Bxe4 Ke5 39. Bf3
Bxc4 40. Rb6 Bd5 41. Bxd5 Kxd5 42. Rb3 Rxg2 43. Rxb7 Kc6 44. Rb3 Rf2 45. Kb2
Rh2 46. Kc3 Kc5 47. Rb8 Rh3+ 48. Kb2 Rh2 49. Kb3 Rh3+ 50. c3 Rh5 51. Rf8 Rh4
52. Rf5+ Kc6 53. a4 Rg4 54. Rf6+ Kb7 55. Rd6 Rg5 56. Kb4 Rg1 57. Rf6 Rh1 58. c4
Rg1 59. a5 Rb1+ 60. Kc5 Ka7 61. Rf7+ Kb8 62. Kc6 Rh1 63. Rf6 Ka7 64. c5 Rb1 65.
Kd7 Rb7+ 66. Kd6 Rb1 67. c6 Rd1+ 68. Ke7 Rc1 69. Kd7 Kb8 70. Rf8+ Ka7 71. Rf4
Rd1+ 72. Kc8 Rd5 73. c7 Rh5 74. Rd4 Rh8+ 75. Kd7 Rh7+ 76. Kc6 Rh6+ 77. Rd6 Rh8
78. Rd8 Rxd8 79. cxd8=N Kb8 80. Kb6 Ka8 81. Kxa6 Kb8 82. Kb6 Ka8 83. Ne6 Kb8
84. a6 1-0

[Event "205th YMCA Autumn A"]
[Site "Warsaw"]
[Date "2018.10.26"]
[Round "6"]
[White "Majek, Kacper"]
[Black "Liberadzki, Slawomir"]
[Result "1/2-1/2"]
[WhiteElo "2083"]
[BlackElo "1955"]
[PlyCount "62"]
[EventDate "2018.09.21"]
[EventType "tourn"]
[EventRounds "1"]
[EventCountry "POL"]
[SourceDate "2018.09.20"]

1. d4 d5 2. c4 e6 3. Nc3 Nf6 4. Nf3 Nbd7 5. Bf4 Bd6 6. e3 Bxf4 7. exf4 dxc4 8.
Bxc4 O-O 9. O-O Nb6 10. Bb3 Nbd5 11. Qd2 b6 12. Rac1 Bb7 13. Rfd1 Nxc3 14. Qxc3
Rc8 15. Ne5 Qe7 16. Qh3 c5 17. dxc5 Rxc5 18. Rxc5 Qxc5 19. Bxe6 fxe6 20. Qxe6+
Kh8 21. Nf7+ Rxf7 22. Qxf7 Bd5 23. Qxa7 Qc2 24. Qb8+ Ng8 25. Re1 Qg6 26. g3 Qh5
27. Qxb6 Qf3 28. Kf1 Qd3+ 29. Kg1 Qf3 30. Kf1 Bc4+ 31. Kg1 Bd5 1/2-1/2

[Event "205th YMCA Autumn A"]
[Site "Warsaw"]
[Date "2018.10.26"]
[Round "6"]
[White "Kasperkiewicz, Pawel"]
[Black "Podgorski, Maciej"]
[Result "0-1"]
[WhiteElo "1933"]
[BlackElo "1865"]
[PlyCount "62"]
[EventDate "2018.09.21"]
[EventType "tourn"]
[EventRounds "1"]
[EventCountry "POL"]
[SourceDate "2018.09.20"]

1. f4 c5 2. Nf3 Nf6 3. e3 d5 4. b3 Bf5 5. Bb2 Nc6 6. Bb5 e6 7. O-O Be7 8. Ne5
Qc7 9. d3 O-O 10. Bxc6 bxc6 11. Nd2 Nd7 12. Nxd7 Qxd7 13. e4 Bg6 14. Qf3 f6 15.
Rae1 a5 16. a4 Bd6 17. g4 Rae8 18. Re2 Qc7 19. h4 h6 20. Rg2 Bh7 21. Kh1 Rf7
22. f5 exf5 23. gxf5 Be5 24. Bc1 Qd7 25. Qh5 Kh8 26. Nf3 Rd8 27. Ng1 Bd4 28.
Nh3 dxe4 29. dxe4 Re8 30. Qf3 Rfe7 31. Nf4 Rxe4 0-1

[Event "205th YMCA Autumn A"]
[Site "Warsaw"]
[Date "2018.11.09"]
[Round "7"]
[White "Podgorski, Maciej"]
[Black "Koziol, Pawel"]
[Result "1-0"]
[WhiteElo "1865"]
[BlackElo "1880"]
[PlyCount "99"]
[EventDate "2018.09.21"]
[EventType "tourn"]
[EventRounds "1"]
[EventCountry "POL"]
[SourceDate "2018.09.20"]

1. e4 g6 2. d4 Bg7 3. c4 d6 4. Nc3 Nf6 5. Nf3 O-O 6. Be2 e5 7. O-O Na6 8. d5
Nc5 9. Qc2 a5 10. Be3 Ne8 11. Bxc5 dxc5 12. Rad1 Nd6 13. Ne1 b6 14. Nb5 f5 15.
exf5 gxf5 16. Nd3 Nxb5 17. cxb5 Qd6 18. f4 e4 19. Ne5 Bxe5 20. fxe5 Qxe5 21.
Bc4 Kh8 22. d6 cxd6 23. Rd5 Qf6 24. Rfd1 Rd8 25. Qd2 Rb8 26. Rxd6 Rxd6 27. Qxd6
Qxd6 28. Rxd6 Kg7 29. Rd8 Kf6 30. Re8 e3 31. Be6 Bxe6 32. Rxb8 Bxa2 33. Rxb6+
Ke5 34. Rc6 Kd5 35. Rc8 Bc4 36. b6 Ba6 37. Rc7 Kc4 38. b7 Bxb7 39. Rxb7 Kd3 40.
Rxh7 Kd2 41. h4 e2 42. Re7 e1=R+ 43. Rxe1 Kxe1 44. h5 a4 45. h6 a3 46. bxa3 c4
47. h7 c3 48. h8=Q c2 49. Qc3+ Kd1 50. a4 1-0

[Event "205th YMCA Autumn A"]
[Site "Warsaw"]
[Date "2018.11.08"]
[Round "7"]
[White "Liberadzki, Slawomir"]
[Black "Kasperkiewicz, Pawel"]
[Result "1-0"]
[WhiteElo "1955"]
[BlackElo "1933"]
[PlyCount "123"]
[EventDate "2018.09.21"]
[EventType "tourn"]
[EventRounds "1"]
[EventCountry "POL"]
[SourceDate "2018.09.20"]

1. e4 e6 2. Qe2 c5 3. Nf3 Nc6 4. g3 Nf6 5. Bg2 d5 6. e5 Nd7 7. O-O Be7 8. c4
dxc4 9. Na3 Nb6 10. Nxc4 Nxc4 11. Qxc4 O-O 12. b3 b6 13. d4 Na5 14. Qc2 Ba6 15.
Rd1 cxd4 16. Rxd4 Rc8 17. Rxd8 Rxc2 18. Rxf8+ Kxf8 19. Nd4 Rc8 20. Be3 Bc5 21.
Rc1 Rd8 22. Nc2 Bxe3 23. Nxe3 Rc8 24. Rxc8+ Bxc8 25. b4 Nb7 26. Nc4 f6 27. f4
Ke7 28. Kf2 b5 29. Bxb7 Bxb7 30. Nd6 Bc6 31. Ke3 fxe5 32. fxe5 Kd7 33. Kd4 Kc7
34. Kc5 a6 35. a3 Bd7 36. Ne4 h6 37. Nf2 Bc6 38. Nd3 Be4 39. Nf4 Bf5 40. Nh5 g5
41. Nf6 Bg6 42. Ng8 h5 43. Ne7 Be4 44. Ng8 h4 45. Nf6 hxg3 46. hxg3 Bg6 47. Ng4
Bf5 48. Ne3 Be4 49. Kd4 Bf3 50. Kc5 Be4 51. Nf1 Bf3 52. Nd2 Bd5 53. Nb1 Be4 54.
Nc3 Bf3 55. Kd4 Kc6 56. Ne4 Bxe4 57. Kxe4 g4 58. Kd4 Kb6 59. Ke3 Kc6 60. Ke4
Kb6 61. Kf4 Kc6 62. Kxg4 1-0

[Event "205th YMCA Autumn A"]
[Site "Warsaw"]
[Date "2018.11.09"]
[Round "7"]
[White "Choroszej, Aleksander"]
[Black "Markiewicz, Michal"]
[Result "1-0"]
[WhiteElo "2054"]
[BlackElo "1902"]
[PlyCount "113"]
[EventDate "2018.09.21"]
[EventType "tourn"]
[EventRounds "1"]
[EventCountry "POL"]
[SourceDate "2018.09.20"]

1. d4 Nf6 2. c4 e6 3. Nc3 Bb4 4. f3 c5 5. d5 b5 6. e4 O-O 7. Bg5 h6 8. Bh4 d6
9. dxe6 Bxe6 10. cxb5 a6 11. bxa6 Nxa6 12. Bd3 Nc7 13. Nge2 Rxa2 14. Rxa2 Bxa2
15. O-O Be6 16. f4 c4 17. Bc2 Qe7 18. Kh1 Bg4 19. h3 Bxe2 20. Qxe2 Bxc3 21.
bxc3 Qe6 22. f5 Qe5 23. Qxc4 d5 24. Bxf6 gxf6 25. Qd3 dxe4 26. Qxe4 Qxe4 27.
Bxe4 Nb5 28. c4 Nd6 29. Bd5 Rc8 30. Rf4 Kh7 31. Kg1 h5 32. Kf2 Kh6 33. h4 Kg7
34. Ke3 Kf8 35. Kd3 Ke7 36. Bf3 Rh8 37. c5 Nb5 38. Kc4 Nc7 39. Re4+ Kd7 40.
Rd4+ Kc8 41. Rd6 Ne8 42. Ra6 Kd7 43. Bc6+ Kc7 44. Bxe8 Rxe8 45. Rxf6 Re7 46.
Kd5 Rd7+ 47. Rd6 Re7 48. c6 Re2 49. Rd7+ Kc8 50. Rxf7 Rxg2 51. Rh7 Rd2+ 52. Ke5
Rc2 53. f6 Re2+ 54. Kf5 Rf2+ 55. Kg6 Kd8 56. c7+ Kc8 57. f7 1-0

[Event "205th YMCA Autumn A"]
[Site "Warsaw"]
[Date "2018.11.09"]
[Round "7"]
[White "Safanowski, Tomasz"]
[Black "Moskwinski, Marek"]
[Result "0-1"]
[WhiteElo "1816"]
[BlackElo "1866"]
[PlyCount "88"]
[EventDate "2018.09.21"]
[EventType "tourn"]
[EventRounds "1"]
[EventCountry "POL"]
[SourceDate "2018.09.20"]

1. d4 Nf6 2. Nf3 e6 3. e3 d5 4. Bd3 Be7 5. O-O Nbd7 6. Nbd2 c5 7. b3 b6 8. Bb2
Bb7 9. Ne5 Nxe5 10. dxe5 Nd7 11. Qg4 g6 12. f4 Qc7 13. a4 a5 14. e4 O-O-O 15.
exd5 Bxd5 16. Ne4 Rhg8 17. Rfd1 Nb8 18. Nd6+ Bxd6 19. exd6 Qb7 20. Bb5 Bc6 21.
Bf6 Rde8 22. Qe2 Bxb5 23. Qxb5 Nd7 24. Be7 Kb8 25. c3 Rc8 26. Rdc1 Qc6 27. Qd3
c4 28. bxc4 Qxc4 29. Qf3 Rc5 30. Rab1 Rgc8 31. Bf6 Ka7 32. Bd4 R5c6 33. Rd1 Ka6
34. Bf2 Qxc3 35. Rd3 Qf6 36. Qe2 Ka7 37. Qd2 Qf5 38. Rdb3 Qd5 39. Rd3 Qf5 40.
h3 Rc2 41. Qe3 Qc5 42. Qe1 Qf5 43. g4 Qxd3 44. Qxa5+ Qa6 0-1

[Event "205th YMCA Autumn A"]
[Site "Warsaw"]
[Date "2018.11.16"]
[Round "8"]
[White "Koziol, Pawel"]
[Black "Moskwinski, Marek"]
[Result "0-1"]
[WhiteElo "1880"]
[BlackElo "1866"]
[PlyCount "34"]
[EventDate "2018.09.21"]
[EventType "tourn"]
[EventRounds "1"]
[EventCountry "POL"]
[SourceDate "2018.09.20"]

1. Nf3 d5 2. g3 Nf6 3. Bg2 g6 4. b3 Bg7 5. Bb2 b6 6. c4 O-O 7. O-O Bb7 8. cxd5
Nxd5 9. Bxg7 Kxg7 10. Qc2 Nf6 11. d4 Na6 12. Rd1 c5 13. Nc3 Qc7 14. d5 Rad8 15.
e4 e6 16. d6 Qb8 17. e5 Nd5 0-1

[Event "205th YMCA Autumn A"]
[Site "Warsaw"]
[Date "2018.11.16"]
[Round "8"]
[White "Markiewicz, Michal"]
[Black "Safanowski, Tomasz"]
[Result "1/2-1/2"]
[WhiteElo "1902"]
[BlackElo "1816"]
[PlyCount "40"]
[EventDate "2018.09.21"]
[EventType "tourn"]
[EventRounds "1"]
[EventCountry "POL"]
[SourceDate "2018.09.20"]

1. Nf3 Nf6 2. c4 e6 3. b3 d5 4. Bb2 c5 5. e3 Nc6 6. d4 cxd4 7. exd4 Bb4+ 8.
Nbd2 Ne4 9. a3 Nxd2 10. Nxd2 Be7 11. Nf3 Bf6 12. Qc2 dxc4 13. Qxc4 Bd7 14. Be2
Rc8 15. Qd3 O-O 16. O-O Qb6 17. Ne5 Rfd8 18. Nc4 Qc7 19. Qe4 Ne7 20. Rac1 Bc6
$11 1/2-1/2

[Event "205th YMCA Autumn A"]
[Site "Warsaw"]
[Date "2018.11.21"]
[Round "8"]
[White "Podgorski, Maciej"]
[Black "Liberadzki, Slawomir"]
[Result "0-1"]
[WhiteElo "1865"]
[BlackElo "1955"]
[PlyCount "46"]
[EventDate "2018.09.21"]
[EventType "tourn"]
[EventRounds "1"]
[EventCountry "POL"]
[SourceDate "2018.09.20"]

1. e4 c5 2. Nf3 e6 3. d4 cxd4 4. Nxd4 Nc6 5. Nc3 Qc7 6. f4 a6 7. Be3 Bb4 8.
Nxc6 Qxc6 9. Qd4 Bxc3+ 10. bxc3 Nf6 11. Bd3 b5 12. O-O Bb7 13. Rf3 Nxe4 14.
Qxg7 O-O-O 15. Qxf7 Rhg8 16. Raf1 Qxc3 17. Qxh7 Nf6 18. Qh3 Rh8 19. Qg3 Rdg8
20. Qf2 Rxh2 21. Kxh2 Ng4+ 22. Kg1 Nxf2 23. R3xf2 Qg7 0-1

[Event "205th YMCA Autumn A"]
[Site "Warsaw"]
[Date "2018.11.23"]
[Round "9"]
[White "Choroszej, Aleksander"]
[Black "Kasperkiewicz, Pawel"]
[Result "1/2-1/2"]
[WhiteElo "2054"]
[BlackElo "1933"]
[PlyCount "89"]
[EventDate "2018.09.21"]
[EventType "tourn"]
[EventRounds "1"]
[EventCountry "POL"]
[SourceDate "2018.09.20"]

1. d4 Nf6 2. c4 g6 3. Nc3 d5 4. cxd5 Nxd5 5. e4 Nxc3 6. bxc3 Bg7 7. Nf3 O-O 8.
Rb1 c5 9. Be2 Nd7 10. O-O Nf6 11. Bd3 cxd4 12. cxd4 b6 13. Qe2 Bg4 14. Be3 e5
15. d5 Nxe4 16. Bxe4 f5 17. d6 fxe4 18. Qc4+ Kh8 19. Ng5 Qd7 20. Rbc1 h6 21.
Nxe4 Rac8 22. Qd5 Be6 23. Qd2 Kh7 24. f3 Rxc1 25. Rxc1 Rc8 26. Rxc8 Qxc8 27.
Qf2 Qd8 28. Qc2 Kg8 29. a4 Kf7 30. h4 Qc8 31. Qd2 Bf5 32. Bxh6 Bf6 33. Bg5 Bxg5
34. Qxg5 Bxe4 35. Qe7+ Kg8 36. fxe4 Qc1+ 37. Kf2 Qf4+ 38. Kg1 Qe3+ 39. Kh2 Qf4+
40. Kh3 Qe3+ 41. g3 Qxe4 42. Qe6+ Kg7 43. Qd7+ Kh6 44. Qe7 Qh1+ 45. Kg4 1/2-1/2

[Event "205th YMCA Autumn A"]
[Site "Warsaw"]
[Date "2018.11.23"]
[Round "9"]
[White "Safanowski, Tomasz"]
[Black "Majek, Kacper"]
[Result "1/2-1/2"]
[WhiteElo "1816"]
[BlackElo "2083"]
[PlyCount "27"]
[EventDate "2018.09.21"]
[EventType "tourn"]
[EventRounds "1"]
[EventCountry "POL"]
[SourceDate "2018.09.20"]

1. c4 e5 2. Nc3 Nc6 3. g3 f5 4. Bg2 Nf6 5. Nf3 Bb4 6. Nd5 e4 7. Nh4 Nxd5 8.
cxd5 Ne7 9. a3 Bd6 10. d3 exd3 11. Qxd3 O-O 12. Bg5 g6 13. f4 Qe8 14. O-O-O $11
1/2-1/2

[Event "205th YMCA Autumn A"]
[Site "Warsaw"]
[Date "2018.11.23"]
[Round "9"]
[White "Moskwinski, Marek"]
[Black "Markiewicz, Michal"]
[Result "1-0"]
[WhiteElo "1866"]
[BlackElo "1902"]
[PlyCount "121"]
[EventDate "2018.09.21"]
[EventType "tourn"]
[EventRounds "1"]
[EventCountry "POL"]
[SourceDate "2018.09.20"]

1. e4 Nf6 2. e5 Nd5 3. d4 d6 4. Nf3 dxe5 5. dxe5 Bg4 6. h3 Bh5 7. Bd3 e6 8. O-O
Be7 9. Be4 c6 10. c4 Nb6 11. Qe2 N8d7 12. Bf4 Nc5 13. Nbd2 a5 14. Rad1 Qc7 15.
Bc2 Bg6 16. Bxg6 hxg6 17. Ne4 Nxe4 18. Qxe4 Nd7 19. Qc2 O-O 20. Rfe1 a4 21. Bg5
Nc5 22. Rd4 Rfd8 23. Qd2 Bxg5 24. Nxg5 Rd7 25. Rxd7 Nxd7 26. Qf4 Nf8 27. Re3 f6
28. Nf3 Rd8 29. Ra3 Nd7 30. Qg4 Kf7 31. Re3 Nf8 32. Qe4 c5 33. g4 Qc6 34. Qxc6
bxc6 35. Ra3 Nd7 36. exf6 gxf6 37. Rxa4 Ke7 38. Ra7 Kd6 39. Kg2 Rb8 40. b3 g5
41. Nd2 Rd8 42. Ne4+ Ke5 43. f3 Kf4 44. Rc7 f5 45. gxf5 exf5 46. Ng3 Ne5 47.
Ne2+ Ke3 48. Re7 Kxe2 49. Rxe5+ Kd1 50. Rxf5 Rd2+ 51. Kg3 Rxa2 52. Rxg5 Ra3 53.
Rxc5 Rxb3 54. Rxc6 Ke2 55. Rf6 Ke3 56. c5 Rc3 57. Rf5 Kd4 58. h4 Rc1 59. h5 Rh1
60. Kg4 Ke3 61. Kg5 1-0

[Event "205th YMCA Autumn A"]
[Site "Warsaw"]
[Date "2018.11.28"]
[Round "10"]
[White "Choroszej, Aleksander"]
[Black "Moskwinski, Marek"]
[Result "1/2-1/2"]
[WhiteElo "2054"]
[BlackElo "1866"]
[PlyCount "119"]
[EventDate "2018.09.21"]
[EventType "tourn"]
[EventRounds "1"]
[EventCountry "POL"]
[SourceDate "2018.09.20"]

1. d4 d5 2. c4 e6 3. Nc3 Nf6 4. cxd5 exd5 5. Bg5 Be7 6. e3 c6 7. Bd3 Nbd7 8.
Qc2 O-O 9. Nge2 h6 10. Bh4 Re8 11. O-O b6 12. f3 Bb7 13. Bf2 c5 14. dxc5 Bxc5
15. Nd4 Ne5 16. Bb5 Bxd4 17. exd4 Nc6 18. Rfe1 Rc8 19. Qf5 Ne7 20. Qd3 Bc6 21.
Ba6 Ra8 22. Rac1 Ng6 23. Qd2 Rxe1+ 24. Rxe1 Qd7 25. Bd3 Re8 26. Bg3 Rxe1+ 27.
Qxe1 Qe7 28. Qxe7 Nxe7 29. Bb8 a5 30. Bc7 Nd7 31. Nb5 Nc8 32. Kf2 Kf8 33. Ke3
Ke7 34. b3 g6 35. g4 Nf6 36. Nc3 Ne8 $11 37. Bg3 Ncd6 38. h4 Ng7 39. Bf4 h5 40.
Be5 Nge8 41. a4 hxg4 42. fxg4 Nf6 43. Kf4 Ng8 44. h5 g5+ 45. Kf3 f6 46. Bg3 Nh6
47. Nd1 Ne4 48. Be1 Bd7 49. Ne3 Be6 50. Bb5 f5 51. gxf5 Nxf5 52. Nxf5+ Bxf5 53.
b4 axb4 54. Bxb4+ Kf6 55. Be1 Nd6 56. Bg3 Nxb5 57. axb5 Bd3 58. Bc7 Bxb5 59.
Bd6 Kg7 60. Kg4 1/2-1/2

[Event "205th YMCA Autumn A"]
[Site "Warsaw"]
[Date "2018.11.29"]
[Round "10"]
[White "Liberadzki, Slawomir"]
[Black "Majek, Kacper"]
[Result "0-1"]
[WhiteElo "1955"]
[BlackElo "2083"]
[PlyCount "68"]
[EventDate "2018.09.21"]
[EventType "tourn"]
[EventRounds "1"]
[EventCountry "POL"]
[SourceDate "2018.09.20"]

1. c4 e5 2. Nc3 Nc6 3. g3 f5 4. Bg2 Nf6 5. d3 Bb4 6. Bd2 O-O 7. a3 Bxc3 8. Bxc3
d6 9. Nf3 Qe8 10. O-O f4 11. b4 Qh5 12. b5 Ne7 13. c5 fxg3 14. fxg3 Be6 15.
cxd6 cxd6 16. Qd2 Ned5 17. Bb4 Nxb4 18. Qxb4 Bh3 19. Qxd6 Bxg2 20. Kxg2 Ng4 21.
Rh1 Rad8 22. Qc5 b6 23. Qc4+ Kh8 24. Qe4 Rf5 25. h3 Nf6 26. Qh4 Qe8 27. Ng5 Rd4
28. e4 h6 29. Nf3 Rh5 30. Nxd4 Rxh4 31. Nf3 Rh5 32. a4 Qd7 33. Ra3 Qc8 34. Rd1
Qxh3+ 0-1

[Event "205th YMCA Autumn A"]
[Site "Warsaw"]
[Date "2018.11.28"]
[Round "10"]
[White "Podgorski, Maciej"]
[Black "Kasperkiewicz, Pawel"]
[Result "0-1"]
[WhiteElo "1865"]
[BlackElo "1933"]
[PlyCount "70"]
[EventDate "2018.09.21"]
[EventType "tourn"]
[EventRounds "1"]
[EventCountry "POL"]
[SourceDate "2018.09.20"]

1. e4 e6 2. d4 d5 3. Nc3 Bb4 4. e5 b6 5. Qg4 Bf8 6. Nf3 Qd7 7. Bg5 h6 8. Bh4
Ba6 9. O-O-O Bxf1 10. Rhxf1 g5 11. Bg3 h5 12. Qh3 g4 13. Qh4 gxf3 14. gxf3 Nc6
15. Bf4 Nce7 16. Rg1 O-O-O 17. Qh3 Nf5 18. Qf1 Kb7 19. Qe2 Nge7 20. Rd3 Nc6 21.
Rgd1 Bh6 22. Bxh6 Rxh6 23. Nb1 Rg6 24. Na3 Rdg8 25. c3 Rg1 26. Nc2 Qd8 27. Nb4
Rxd1+ 28. Rxd1 Nxb4 29. cxb4 Qd7 30. b3 a6 31. f4 h4 32. f3 h3 33. Qd3 Rg2 34.
Rh1 Qb5 35. Qc3 Qc6 0-1

[Event "205th YMCA Autumn A"]
[Site "Warsaw"]
[Date "2018.12.13"]
[Round "10"]
[White "Markiewicz, Michal"]
[Black "Safanowski, Tomasz"]
[Result "0-1"]
[WhiteElo "1902"]
[BlackElo "1816"]
[PlyCount "126"]
[EventDate "2018.09.21"]
[EventType "tourn"]
[EventRounds "1"]
[EventCountry "POL"]
[SourceDate "2018.09.20"]

1. d4 d6 2. c4 e5 3. dxe5 dxe5 4. Qxd8+ Kxd8 5. Nc3 Be6 6. e3 Nd7 7. Nf3 f6 8.
b3 Nh6 9. Bb2 c6 10. h3 Kc7 11. g4 Nf7 12. Bd3 h5 13. Rg1 Be7 14. O-O-O hxg4
15. hxg4 Rh3 16. Be2 Nc5 17. Nd2 a5 18. Nde4 Nxe4 19. Nxe4 a4 20. Rh1 Rah8 21.
Rxh3 Rxh3 22. Rg1 Rh2 23. Bc3 axb3 24. axb3 Nd6 25. Ba5+ b6 26. Bxb6+ Kxb6 27.
c5+ Kc7 28. cxd6+ Bxd6 29. Bc4 Ba3+ 30. Kd1 Bd5 31. Bxd5 cxd5 32. Nc3 Kc6 33.
Ke2 d4 34. exd4 exd4 35. Ne4 Kd5 36. Kd3 Rh3+ 37. Rg3 Rh1 38. Nd2 Bb4 39. Ke2
Rc1 40. Rd3 Rc2 41. Kd1 Rb2 42. Kc1 Bc3 43. f4 g6 44. f5 g5 45. Kd1 Bxd2 46.
Rxd2 Rxb3 47. Re2 Re3 48. Ra2 Rg3 49. Ra6 Rxg4 50. Rxf6 Ke5 51. Rf8 Rf4 52. Kd2
Rxf5 53. Re8+ Kd5 54. Rd8+ Ke4 55. Re8+ Kf3 56. Rd8 Rf4 57. Ra8 g4 58. Ra3+ Kf2
59. Ra2 g3 60. Kd3+ Kg1 61. Ra8 g2 62. Ra1+ Kh2 63. Ra2 Kg3 0-1

[Event "205th YMCA Autumn A"]
[Site "Warsaw"]
[Date "2018.12.07"]
[Round "11"]
[White "Moskwinski, Marek"]
[Black "Majek, Kacper"]
[Result "1-0"]
[WhiteElo "1866"]
[BlackElo "2083"]
[PlyCount "147"]
[EventDate "2018.09.21"]
[EventType "tourn"]
[EventRounds "1"]
[EventCountry "POL"]
[SourceDate "2018.09.20"]

1. e4 e5 2. Nf3 Nc6 3. Bb5 a6 4. Ba4 Nf6 5. O-O Be7 6. Re1 b5 7. Bb3 d6 8. c3
O-O 9. h3 Na5 10. Bc2 c5 11. d4 Nd7 12. d5 Nb6 13. Nbd2 f5 14. exf5 Nxd5 15.
Be4 Bb7 16. Nf1 Nc7 17. Bxb7 Nxb7 18. g4 Na5 19. Ng3 h6 20. b3 Nc6 21. Be3 d5
22. Qc1 e4 23. Nh2 Ne5 24. Qc2 Nd3 25. Re2 Bd6 26. Nh5 Qh4 27. Kg2 Rad8 28. Qd2
Bxh2 29. Kxh2 Ne5 30. Kg2 Nf3 31. Qb2 Qe7 32. Ng3 Ne8 33. Qa3 b4 34. cxb4 cxb4
35. Qxa6 Rf6 36. Qb5 Qe5 37. Rd1 Nc7 38. Qxb4 d4 39. Bxd4 Rxd4 40. Rxd4 Qxd4
41. Qb8+ Kh7 42. Qxc7 Qd1 43. Nxe4 Nh4+ 44. Kg3 Nxf5+ 45. gxf5 Rxf5 46. Kg4 Rf8
47. Ng5+ Kh8 48. Nf7+ Rxf7 49. Qc8+ Kh7 50. Qc2+ Qxc2 51. Rxc2 Rb7 52. Rc3 Kg6
53. f4 Kf6 54. Kf3 Ke6 55. Ke4 Kd6 56. Kd4 Rf7 57. Rf3 Rf5 58. a4 Kc6 59. b4
Kb6 60. Ke4 g6 61. Rg3 Rf6 62. Ke5 Rc6 63. Rd3 Kc7 64. Rd5 Ra6 65. a5 Ra8 66.
Rc5+ Kd7 67. Kf6 Ra6+ 68. Kg7 g5 69. f5 h5 70. f6 Ke6 71. Rxg5 Ra7+ 72. Kg6 h4
73. f7 Ke7 74. Re5+ 1-0

[Event "205th YMCA Autumn A"]
[Site "Warsaw"]
[Date "2018.12.07"]
[Round "11"]
[White "Choroszej, Aleksander"]
[Black "Liberadzki, Slawomir"]
[Result "1/2-1/2"]
[WhiteElo "2054"]
[BlackElo "1955"]
[PlyCount "40"]
[EventDate "2018.09.21"]
[EventType "tourn"]
[EventRounds "1"]
[EventCountry "POL"]
[SourceDate "2018.09.20"]

1. d4 d5 2. c4 e6 3. Nc3 Nf6 4. Nf3 Be7 5. Bf4 O-O 6. e3 b6 7. Rc1 Bb7 8. cxd5
Nxd5 9. Bg3 c5 10. Bd3 Nxc3 11. bxc3 Nd7 12. O-O Nf6 13. Qe2 Qd5 14. Bc4 Qh5
15. Nd2 Qxe2 16. Bxe2 Rac8 17. Bh4 h6 18. f4 cxd4 19. Bxf6 Bxf6 20. cxd4 Bd5
$11 1/2-1/2

[Event "205th YMCA Autumn A"]
[Site "Warsaw"]
[Date "2018.12.07"]
[Round "11"]
[White "Kasperkiewicz, Pawel"]
[Black "Safanowski, Tomasz"]
[Result "1/2-1/2"]
[WhiteElo "1933"]
[BlackElo "1816"]
[PlyCount "78"]
[EventDate "2018.09.21"]
[EventType "tourn"]
[EventRounds "1"]
[EventCountry "POL"]
[SourceDate "2018.09.20"]

1. e4 e6 2. d4 d5 3. Nc3 Nf6 4. Bg5 Be7 5. e5 Nfd7 6. Bxe7 Qxe7 7. f4 a6 8. Nf3
c5 9. Qd2 Nc6 10. dxc5 Qxc5 11. Bd3 Nb6 12. O-O-O Bd7 13. Kb1 Na5 14. Ne2 Nac4
15. Bxc4 Nxc4 16. Qd4 Qxd4 17. Nexd4 Ke7 18. Rhe1 b5 19. c3 a5 20. Nd2 Rhc8 21.
Nc2 Rab8 22. Nxc4 Rxc4 23. Rd4 b4 24. cxb4 Rxd4 25. Nxd4 Rxb4 26. Rd1 f6 27. a3
Rc4 28. b3 Rc3 29. Kb2 Re3 30. Nf3 fxe5 31. fxe5 a4 32. bxa4 Bxa4 33. Rd4 Bb5
34. Rb4 Bd7 35. a4 Re4 36. Ka3 Re3+ 37. Rb3 Re4 38. Rb4 Re3+ 39. Rb3 Re4 $11
1/2-1/2

[Event "205th YMCA Autumn A"]
[Site "Warsaw"]
[Date "2018.12.07"]
[Round "11"]
[White "Podgorski, Maciej"]
[Black "Markiewicz, Michal"]
[Result "0-1"]
[WhiteElo "1865"]
[BlackElo "1902"]
[PlyCount "78"]
[EventDate "2018.09.21"]
[EventType "tourn"]
[EventRounds "1"]
[EventCountry "POL"]
[SourceDate "2018.09.20"]

1. e4 c5 2. Nf3 g6 3. d4 cxd4 4. Nxd4 Nc6 5. Nc3 Bg7 6. Be3 Nf6 7. Nxc6 bxc6 8.
e5 Ng8 9. f4 f6 10. f5 fxe5 11. fxg6 Nf6 12. gxh7 d5 13. Bg5 Rxh7 14. Bd3 e4
15. Bxf6 Bxf6 16. Nxe4 dxe4 17. Bxe4 Qa5+ 18. Qd2 Qxd2+ 19. Kxd2 Bg5+ 20. Ke1
Rh6 21. Kf2 Rf6+ 22. Bf3 Rb8 23. b3 Bg4 24. Rad1 Bxf3 25. gxf3 Bh4+ 26. Ke3 Rb5
27. Rd4 Bg5+ 28. Kf2 Re5 29. Kg3 Re3 30. Rf1 Rc3 31. h4 Be3 32. Re4 Bc5 33. Re2
Bd6+ 34. Kg2 Rf4 35. Rd1 Kf7 36. Rd3 Rxd3 37. cxd3 Rxh4 38. Kg1 Rh3 39. Kg2
Rh2+ 0-1

[Event "205th YMCA Autumn A"]
[Site "Warsaw"]
[Date "2018.12.14"]
[Round "12"]
[White "Liberadzki, Slawomir"]
[Black "Moskwinski, Marek"]
[Result "1-0"]
[WhiteElo "1955"]
[BlackElo "1866"]
[PlyCount "97"]
[EventDate "2018.09.21"]
[EventType "tourn"]
[EventRounds "1"]
[EventCountry "POL"]
[SourceDate "2018.09.20"]

1. c4 e5 2. g3 Nf6 3. Bg2 Nc6 4. Nc3 Bc5 5. Nf3 d6 6. d3 O-O 7. a3 h6 8. b4 Bb6
9. O-O Re8 10. Nd5 Nxd5 11. cxd5 Nd4 12. e3 Nxf3+ 13. Qxf3 Bd7 14. Bb2 Qg5 15.
a4 a5 16. b5 Bg4 17. Qe4 f5 18. Qc4 Rf8 19. Bc1 Rae8 20. Bd2 Qh5 21. f3 Bh3 22.
Qh4 Qxh4 23. gxh4 Bxg2 24. Kxg2 f4 25. e4 Re7 26. Be1 g5 27. Bf2 Bxf2 28. Rxf2
Rff7 29. Kh3 gxh4 30. Rg2+ Rg7 31. Rxg7+ Rxg7 32. b6 cxb6 33. Rb1 Rd7 34. Rxb6
Kg7 35. Kxh4 Kg6 36. h3 h5 37. Rb5 Kf6 38. Rxa5 Rc7 39. Rb5 Rd7 40. Ra5 Ke7 41.
Ra7 Kd8 42. a5 Rc7 43. Kxh5 Rh7+ 44. Kg4 Rg7+ 45. Kf5 Kc8 46. a6 Rg3 47. Rxb7
Rxf3 48. Rb3 Rf1 49. a7 1-0

[Event "205th YMCA Autumn A"]
[Site "Warsaw"]
[Date "2018.12.14"]
[Round "12"]
[White "Majek, Kacper"]
[Black "Choroszej, Aleksander"]
[Result "1-0"]
[WhiteElo "2083"]
[BlackElo "2054"]
[PlyCount "77"]
[EventDate "2018.09.21"]
[EventType "tourn"]
[EventRounds "1"]
[EventCountry "POL"]
[SourceDate "2018.09.20"]

1. d4 g6 2. c4 Bg7 3. Nc3 d6 4. Nf3 Nf6 5. e4 O-O 6. Be2 e5 7. O-O Nc6 8. d5
Ne7 9. b4 a5 10. Ba3 axb4 11. Bxb4 b6 12. Nd2 Nd7 13. a4 Re8 14. a5 c5 15. dxc6
Nxc6 16. Bxd6 Rxa5 17. Rxa5 Nxa5 18. Nd5 Re6 19. Bc7 Qf8 20. Qb1 Bh6 21. Nb3
Nxb3 22. Qxb3 Nc5 23. Qc2 Bb7 24. Bg4 Rc6 25. Bxe5 Bg7 26. Bxg7 Kxg7 27. Rb1
Qd6 28. Qb2+ f6 29. Nxb6 Nxe4 30. Nd5 Ba6 31. Rd1 Qc5 32. Nb4 Nxf2 33. Qxf2
Qxb4 34. Qa7+ Kh6 35. Qe3+ g5 36. Qh3+ Kg7 37. Rd7+ Kf8 38. Qh6+ Ke8 39. Qh5+
1-0